Ukraine : 2004 Article IV Consultation-Staff Report; Staff Supplement; and Public Information Notice on the Executive Board Discussion.

This 2004 Article IV Consultation highlights that six years after the 1998 financial crisis, Ukraine continues to recover strongly. In 2003, real GDP grew by 9.4 percent, despite a poor harvest, and reached 13.5 percent through July 2004. Growth in 2003-04 has been prompted by favorable external dem...

Descripció completa

Dades bibliogràfiques
Autor corporatiu: International Monetary Fund
Format: Revista
Idioma:English
Publicat: Washington, D.C. : International Monetary Fund, 2005.
Col·lecció:IMF Staff Country Reports; Country Report ; No. 2005/015
Accés en línia:Full text available on IMF
LEADER 01654cas a2200241 a 4500
001 AALejournalIMF008752
008 230101c9999 xx r poo 0 0eng d
020 |c 5.00 USD 
020 |z 9781451977738 
022 |a 1934-7685 
040 |a BD-DhAAL  |c BD-DhAAL 
110 2 |a International Monetary Fund. 
245 1 0 |a Ukraine :   |b 2004 Article IV Consultation-Staff Report; Staff Supplement; and Public Information Notice on the Executive Board Discussion. 
264 1 |a Washington, D.C. :  |b International Monetary Fund,  |c 2005. 
300 |a 1 online resource (76 pages) 
490 1 |a IMF Staff Country Reports 
500 |a <strong>Off-Campus Access:</strong> No User ID or Password Required 
500 |a <strong>On-Campus Access:</strong> No User ID or Password Required 
506 |a Electronic access restricted to authorized BRAC University faculty, staff and students 
520 3 |a This 2004 Article IV Consultation highlights that six years after the 1998 financial crisis, Ukraine continues to recover strongly. In 2003, real GDP grew by 9.4 percent, despite a poor harvest, and reached 13.5 percent through July 2004. Growth in 2003-04 has been prompted by favorable external demand, a competitive cost structure, and dynamic domestic demand. Inflation has been moderate, but strong upward pressures are emerging. There has been progress in the structural reform agenda, but tax administration should improve. 
538 |a Mode of access: Internet 
830 0 |a IMF Staff Country Reports; Country Report ;  |v No. 2005/015 
856 4 0 |z Full text available on IMF  |u http://elibrary.imf.org/view/journals/002/2005/015/002.2005.issue-015-en.xml  |z IMF e-Library